[Event "Baku Open 2016"]
[Site "Baku AZE"]
[Date "2016.09.23"]
[Round "6.2"]
[White "Abasov, Nijat"]
[Black "Lenderman, Aleksandr"]
[Result "1-0"]
[WhiteTitle "GM"]
[BlackTitle "GM"]
[WhiteElo "2552"]
[BlackElo "2600"]
[WhiteFideId "13402960"]
[BlackFideId "2021285"]
[EventDate "2016.09.18"]

1. e4 e6 2. d4 d5 3. Nd2 c5 4. exd5 Qxd5 5. Ngf3 cxd4 6. Bc4 Qd6 7. O-O Nf6 8.
Nb3 Nc6 9. Nbxd4 Nxd4 10. Nxd4 a6 11. Re1 Qc7 12. Bb3 Bd6 13. h3 Bh2+ 14. Kf1
Bf4 15. Nf5 O-O 16. Bxf4 Qxf4 17. Ne7+ Kh8 18. Nxc8 Raxc8 19. g3 Qf5 20. Kg2 Ne4
21. Qf3 Qxf3+ 22. Kxf3 Nd2+ 23. Ke3 Nxb3 24. cxb3 Rc7 25. Rac1 Rfc8 26. Rxc7
Rxc7 27. Rd1 g5 28. Rd6 Kg7 29. a4 Kf6 30. Rb6 Ke5 31. b4 Kd5 32. Kd3 Rd7 33.
Ke3 Kc4 34. a5 h6 35. Kf3 h5 36. Ke2 h4 37. gxh4 gxh4 38. Kf3 f5 39. Rxe6 Kxb4
40. Kf4 Kxa5 41. Kxf5 Rd2 42. b4+ Kb5 43. f4 Rd3 44. Kg4 Rd4 45. Kg5 Rxb4 46. f5
Rb1 47. f6 Rg1+ 48. Kxh4 a5 49. Re7 Kc6 50. f7 Rf1 51. Kg5 Kd6 52. Rxb7 a4 53.
Kg6 a3 54. Ra7 Rg1+ 55. Kf6 Rf1+ 56. Kg7 Rg1+ 57. Kf8 Rg3 58. h4 Kc5 59. Ra8 Kb4
60. Ke7 1-0

[Event "Baku Open 2016"]
[Site "Baku AZE"]
[Date "2016.09.23"]
[Round "6.3"]
[White "Sjugirov, Sanan"]
[Black "Lupulescu, Constantin"]
[Result "1/2-1/2"]
[WhiteTitle "GM"]
[BlackTitle "GM"]
[WhiteElo "2653"]
[BlackElo "2618"]
[WhiteFideId "4189302"]
[BlackFideId "1207822"]
[EventDate "2016.09.18"]

1. e4 e6 2. d4 d5 3. Nd2 c5 4. exd5 Qxd5 5. Ngf3 cxd4 6. Bc4 Qd8 7. O-O Nc6 8.
Nb3 a6 9. Nbxd4 Nxd4 10. Nxd4 Qc7 11. Bb3 Bd6 12. h3 Ne7 13. c3 O-O 14. Qh5 e5
15. Nf3 Bf5 16. Bg5 Bd3 17. Bxe7 Qxe7 18. Rfe1 Bg6 1/2-1/2

[Event "Baku Open 2016"]
[Site "Baku AZE"]
[Date "2016.09.23"]
[Round "6.4"]
[White "Idani, Pouya"]
[Black "Bodnaruk, Anastasia"]
[Result "1/2-1/2"]
[WhiteTitle "GM"]
[BlackTitle "IM"]
[WhiteElo "2543"]
[BlackElo "2465"]
[WhiteFideId "12510130"]
[BlackFideId "4181751"]
[EventDate "2016.09.18"]

1. e4 c5 2. c4 Nc6 3. Nc3 g6 4. g3 Bg7 5. Bg2 e6 6. Nge2 Nge7 7. O-O O-O 8. a3
d6 9. b4 Nd4 10. Nf4 Rb8 11. Rb1 cxb4 12. Rxb4 Ndc6 13. Rb1 Na5 14. Qe2 Nec6 15.
Bb2 a6 16. d3 b5 17. cxb5 axb5 18. Na2 Nd4 19. Qd2 Nab3 20. Qd1 Bd7 21. Bc3 Nc5
22. h4 Na4 23. Bb4 Qb6 24. Ne2 1/2-1/2

[Event "Baku Open 2016"]
[Site "Baku AZE"]
[Date "2016.09.23"]
[Round "6.5"]
[White "Bajarani, Ulvi"]
[Black "Idrisov, Tabriz"]
[Result "1-0"]
[WhiteTitle "GM"]
[WhiteElo "2509"]
[BlackElo "2289"]
[WhiteFideId "13403028"]
[BlackFideId "13402870"]
[EventDate "2016.09.18"]

1. d4 c5 2. d5 e5 3. e4 d6 4. Bb5+ Nd7 5. Nc3 a6 6. Be2 Ngf6 7. a4 g6 8. Nf3 Bg7
9. Nd2 O-O 10. Nc4 Nb6 11. Ne3 Ne8 12. a5 Nd7 13. h4 f5 14. h5 f4 15. Nc4 Ndf6
16. hxg6 hxg6 17. Nb6 Rb8 18. g3 Nc7 19. Qd3 g5 20. Bd2 Nb5 21. O-O-O Nd4 22.
gxf4 gxf4 23. Rdg1 Rf7 24. Bf1 Kf8 25. Bh3 Bxh3 26. Qxh3 Ke7 27. Kb1 Qc7 28. Qd3
Rh8 29. Rxh8 Bxh8 30. Ne2 Nxe2 31. Qxe2 Qd8 32. f3 Kf8 33. Rh1 Bg7 34. Be1 Ng8
35. Bh4 Bf6 36. Bxf6 Qxf6 37. Qg2 Rg7 38. Qh3 Ke8 39. Ka2 Qe7 40. Qh8 Kf8 41.
Rh6 Qd8 42. Nc4 Qe8 43. Rf6+ Rf7 44. Rg6 1-0

[Event "Baku Open 2016"]
[Site "Baku AZE"]
[Date "2016.09.23"]
[Round "6.6"]
[White "Golubov, Saveliy"]
[Black "Rasulov, Vugar"]
[Result "1/2-1/2"]
[WhiteTitle "IM"]
[BlackTitle "GM"]
[WhiteElo "2481"]
[BlackElo "2487"]
[WhiteFideId "24176729"]
[BlackFideId "13402390"]
[EventDate "2016.09.18"]

1. c4 Nf6 2. Nc3 d5 3. cxd5 Nxd5 4. g3 c5 5. Bg2 Nc7 6. Nf3 Nc6 7. O-O e5 8. a3
Rb8 9. d3 Be7 10. Be3 O-O 11. Rc1 b6 12. b4 cxb4 13. axb4 Bb7 14. b5 Na5 15.
Nxe5 Bxg2 16. Kxg2 Nxb5 17. Nxb5 Qd5+ 18. Nf3 Qxb5 19. Rc7 Rb7 20. Rxb7 Nxb7 21.
Qa1 Ra8 22. Rb1 Qe8 23. Qa6 Nc5 24. Bxc5 Bxc5 25. Rb2 Qc8 26. Qc4 Rb8 27. Ne5
Qe8 28. d4 Ba3 29. Rb3 Rc8 30. Qd5 Bf8 31. Qb7 Rd8 32. Qxa7 Rxd4 33. Nf3 Rd6 34.
Rxb6 Rxb6 1/2-1/2

[Event "Baku Open 2016"]
[Site "Baku AZE"]
[Date "2016.09.23"]
[Round "6.7"]
[White "Abdulov, Orkhan"]
[Black "Mammadov, Zaur"]
[Result "1/2-1/2"]
[WhiteTitle "IM"]
[BlackTitle "GM"]
[WhiteElo "2372"]
[BlackElo "2437"]
[WhiteFideId "13402714"]
[BlackFideId "13401033"]
[EventDate "2016.09.18"]

1. c4 e6 2. Nc3 d5 3. d4 Nf6 4. Bg5 c6 5. Nf3 Nbd7 6. cxd5 exd5 7. e3 Be7 8. Bd3
Nf8 9. Qc2 Ne6 10. Bh4 g6 11. O-O O-O 12. Rab1 a5 13. a3 1/2-1/2

[Event "Baku Open 2016"]
[Site "Baku AZE"]
[Date "2016.09.23"]
[Round "6.8"]
[White "Amin, Bassem"]
[Black "Pourramezanali, Amirreza"]
[Result "1-0"]
[WhiteTitle "GM"]
[BlackTitle "IM"]
[WhiteElo "2661"]
[BlackElo "2532"]
[WhiteFideId "10601457"]
[BlackFideId "12511412"]
[EventDate "2016.09.18"]

1. e4 c6 2. d4 d5 3. exd5 cxd5 4. c4 Nf6 5. Nc3 Nc6 6. Bg5 Be6 7. a3 g6 8. Bxf6
exf6 9. cxd5 Bxd5 10. Qe2+ Ne7 11. Nxd5 Qxd5 12. Qb5+ Kd8 13. Qxd5+ Nxd5 14. Bc4
Nf4 15. g3 Rc8 16. b3 Ne6 17. Ne2 Bd6 18. O-O a6 19. a4 Ke7 20. Nc3 Rhd8 21.
Nd5+ Kf8 22. Nxf6 Nxd4 23. Nxh7+ Kg7 24. Ng5 f6 25. Nf7 Rd7 26. Nxd6 Rxd6 27. a5
Nf3+ 28. Kg2 Nd2 29. Rfd1 Rcc6 30. h4 f5 31. Re1 Kf6 32. Ra4 Rd4 33. Rd1 Rdd6
34. Re1 Rd4 35. Rd1 Rdd6 36. Rda1 b5 37. axb6 Rxb6 38. R1a3 Nb1 39. Ra1 Nd2 40.
R1a2 Nb1 41. Rxa6 Rxa6 42. Rxa6 Rxa6 43. Bxa6 Nd2 44. b4 Ke5 45. f4+ Kd4 46. Bb5 1-0

[Event "Baku Open 2016"]
[Site "Baku AZE"]
[Date "2016.09.23"]
[Round "6.9"]
[White "Bayramov, Elvin"]
[Black "Hesham, Abdelrahman"]
[Result "1/2-1/2"]
[BlackTitle "GM"]
[WhiteElo "2263"]
[BlackElo "2419"]
[WhiteFideId "13406655"]
[BlackFideId "10600183"]
[EventDate "2016.09.18"]

1. e4 c5 2. c3 Nf6 3. e5 Nd5 4. Bc4 Nb6 5. Bb3 Nc6 6. Nf3 d5 7. exd6 Qxd6 8. d4
cxd4 9. cxd4 Be6 10. O-O Bxb3 11. Qxb3 e6 12. Nc3 Be7 13. Rd1 Rd8 14. d5 Nxd5
15. Nxd5 exd5 16. Qxb7 O-O 17. Bf4 Qxf4 18. Qxc6 Bf6 19. Rab1 Qc4 20. Qxc4 dxc4
21. Rdc1 Rc8 22. Rc2 Rfd8 23. Kf1 g5 24. h3 h5 25. Nd2 Bxb2 26. Rxc4 Be5 27. Rb5
f6 28. Rxc8 Rxc8 29. Nb3 Rc2 30. Ra5 Rc7 31. g3 Kg7 32. Nc5 Kg6 33. Nd3 Bd4 34.
Rd5 Bb6 35. a4 Rc3 36. a5 Bc7 37. Ke2 Kf7 38. Nc5 Be5 39. Ne4 Rc2+ 40. Kd3 Ke6
41. Rb5 Ra2 42. a6 h4 43. gxh4 gxh4 44. Rb7 Kf5 45. Nc5 Bd6 46. Nb3 Rxa6 47.
Nd4+ Kf4 48. Rh7 Ra3+ 49. Ke2 Rxh3 50. Rxa7 Rh1 51. Ra4 Kg4 52. Nf3+ Bf4 53. Nd4
Kh5 54. Kf3 Be5 55. Ne2 Kh6 56. Kg2 Rh2+ 57. Kg1 Rh3 58. Kg2 Rh2+ 59. Kg1 Rh3
60. Kg2 Rb3 61. Rxh4+ Kg5 62. Ra4 Rb2 1/2-1/2

[Event "Baku Open 2016"]
[Site "Baku AZE"]
[Date "2016.09.23"]
[Round "6.10"]
[White "Abdisalimov, Abdimalik"]
[Black "Mamedjarova, Zeinab"]
[Result "1/2-1/2"]
[WhiteTitle "FM"]
[BlackTitle "WGM"]
[WhiteElo "2310"]
[BlackElo "2295"]
[WhiteFideId "14206323"]
[BlackFideId "13401521"]
[EventDate "2016.09.18"]

1. d4 d5 2. c4 dxc4 3. Nf3 Nf6 4. e3 e6 5. Bxc4 a6 6. O-O c5 7. Qe2 Nc6 8. dxc5
Bxc5 9. e4 Qc7 10. Nc3 Ng4 11. g3 b5 12. Bb3 Bb7 13. Bf4 Bd6 14. Bxd6 Qxd6 15.
Rad1 Qc5 16. Rc1 Qh5 17. h4 Nge5 18. Nxe5 Qxe5 19. Qe3 O-O 20. Bd1 Rfd8 21. Bf3
Qd4 22. e5 Qxe3 23. fxe3 Rab8 24. Rfd1 Rdc8 25. Ne2 h6 26. Rd6 Nxe5 27. Rxc8+
Bxc8 28. Rd8+ Kh7 29. Bh1 g5 30. hxg5 hxg5 31. Nd4 Kg7 32. Nc6 Nxc6 33. Bxc6 b4
34. Bd7 b3 35. axb3 Rxb3 36. Bxc8 Rb8 37. b4 Kf6 38. Re8 Ke5 1/2-1/2

[Event "Baku Open 2016"]
[Site "Baku AZE"]
[Date "2016.09.23"]
[Round "6.11"]
[White "Alavi, Sayed Javad"]
[Black "Iskandarov, Misratdin"]
[Result "1-0"]
[WhiteTitle "IM"]
[BlackTitle "IM"]
[WhiteElo "2453"]
[BlackElo "2423"]
[WhiteFideId "12500607"]
[BlackFideId "13400312"]
[EventDate "2016.09.18"]

1. d4 Nf6 2. Nf3 g6 3. c4 Bg7 4. g3 O-O 5. Bg2 d6 6. O-O Nc6 7. Nc3 Bf5 8. b3
Ne4 9. Bb2 Nxc3 10. Bxc3 Be4 11. e3 d5 12. Qe2 a5 13. Rfd1 a4 14. Bf1 Bf5 15.
Nh4 Be6 16. cxd5 Bxd5 17. e4 Be6 18. Qe3 Bg4 19. f3 Bc8 20. Rac1 axb3 21. axb3
Ra3 22. d5 Ne5 23. Bd4 f6 24. Rc3 Kh8 25. f4 Nf7 26. Rdc1 c6 27. dxc6 bxc6 28.
Rxc6 Bd7 29. R6c3 Ra2 30. Bb6 Qe8 31. R3c2 Rxc2 32. Rxc2 Nd6 33. Bd4 Bc6 34. e5
Ne4 35. exf6 exf6 36. Bg2 Ba8 37. Ra2 Bd5 38. Re2 Qc6 39. Bxe4 Re8 40. Bxd5 Rxe3
41. Bxc6 Rxe2 42. Nf3 Rc2 43. Bb5 f5 44. Ne5 Rd2 45. Be3 Rd1+ 46. Kf2 Bf8 47.
Be2 Rb1 48. Bd4 Bg7 49. Bc4 Rd1 50. Ke3 Re1+ 51. Kd3 Rd1+ 52. Ke3 Re1+ 53. Kd3
Rd1+ 54. Kc3 Rc1+ 55. Kb2 Rh1 56. b4 Rxh2+ 57. Kb3 h5 58. b5 Kh7 59. b6 Bf8 60.
Nf7 1-0

[Event "Baku Open 2016"]
[Site "Baku AZE"]
[Date "2016.09.23"]
[Round "6.12"]
[White "Pirverdiyev, Agil"]
[Black "Ameir, Moheb"]
[Result "0-1"]
[BlackTitle "IM"]
[WhiteElo "2343"]
[BlackElo "2431"]
[WhiteFideId "13400568"]
[BlackFideId "10600620"]
[EventDate "2016.09.18"]

1. d4 Nf6 2. c4 e6 3. Nf3 Bb4+ 4. Nbd2 O-O 5. a3 Be7 6. e4 d5 7. e5 Nfd7 8. Bd3
c5 9. h4 g6 10. cxd5 exd5 11. h5 cxd4 12. e6 Nc5 13. exf7+ Rxf7 14. Bb1 Bf6 15.
hxg6 hxg6 16. Bxg6 Rg7 17. Qc2 Qe7+ 18. Kf1 b6 19. Kg1 Qe2 20. Ne4 Qxf3 21. gxf3
dxe4 22. Rh6 Bf5 23. Qc4+ Be6 24. Qf1 Bf7 25. Qg2 Nbd7 26. f4 Rc8 27. f5 Ne5 28.
Qh3 Kf8 29. Rh8+ Rg8 30. Rxg8+ Bxg8 31. Bh6+ Ke7 32. Qg3 Nf3+ 33. Kg2 Nd3 34.
Rf1 Bd5 35. Kh3 Be5 36. Bg5+ Kd6 37. Qg4 Rh8+ 38. Bh5 Bf7 39. Qxe4 Rxh5+ 0-1

[Event "Baku Open 2016"]
[Site "Baku AZE"]
[Date "2016.09.23"]
[Round "6.13"]
[White "Kazimova, Narmin"]
[Black "Guliev, Sarhan"]
[Result "1/2-1/2"]
[WhiteTitle "WGM"]
[BlackTitle "GM"]
[WhiteElo "2302"]
[BlackElo "2416"]
[WhiteFideId "13402951"]
[BlackFideId "13400231"]
[EventDate "2016.09.18"]

1. d4 d5 2. c4 e6 3. Nf3 c5 4. cxd5 exd5 5. g3 Nc6 6. Nc3 Nf6 7. Bg2 Be7 8. O-O
O-O 9. dxc5 Bxc5 10. Bg5 d4 11. Bxf6 Qxf6 12. Nd5 Qf5 13. Nd2 Rd8 14. Nf4 Bd6
15. Nd3 Be6 16. Rc1 Bd5 17. Bxd5 Qxd5 18. Qb3 Qxb3 19. Nxb3 Rab8 20. Rfd1 Be7
21. Ndc5 Rd6 22. Rc4 b5 23. Rcc1 f5 24. Nd3 a5 25. Rc2 a4 26. Nbc5 Na5 27. Ne5
Nc4 28. Ncd3 a3 29. b3 Nb6 30. Nc6 Re8 31. Na7 b4 32. Nxb4 Rd7 33. Nac6 Bf6 34.
Rcd2 Nd5 35. Nxd5 Rxd5 36. e3 d3 37. Rxd3 Rc5 38. Nd4 Bxd4 39. Rxd4 Rc2 40. R1d2
Rec8 41. Kf1 Rb2 42. Ke2 Rc1 43. Ra4 Rcc2 44. Rxc2 Rxc2+ 45. Kf3 Rxa2 46. Ra5 g6
47. Ra7 h6 48. h3 Ra1 49. Kf4 a2 50. Ke5 Rb1 51. Rxa2 Rxb3 52. Rd2 Ra3 53. Ke6
Rb3 54. h4 Rb5 55. Rd5 Rb2 56. h5 Rxf2 57. Rd8+ Kg7 58. Rd7+ Kg8 59. hxg6 Ra2
60. Kf6 Ra6+ 61. Kxf5 Ra5+ 62. Kf4 Ra6 63. g7 Rf6+ 64. Ke5 Rg6 65. e4 Rxg3 66.
Kf6 Rf3+ 67. Kg6 Rg3+ 68. Kf6 Rf3+ 69. Ke6 h5 70. e5 h4 71. Rd4 h3 72. Rh4 Kxg7
73. Kd6 Rd3+ 74. Ke7 Kg6 75. e6 Kg5 76. Rh8 Kg4 77. Kf7 Rf3+ 78. Kg7 Re3 79. Kf7 1/2-1/2

[Event "Baku Open 2016"]
[Site "Baku AZE"]
[Date "2016.09.23"]
[Round "6.14"]
[White "Sindarov, Javokhir"]
[Black "Soozankar, A.M."]
[Result "1-0"]
[WhiteTitle "CM"]
[BlackTitle "FM"]
[WhiteElo "2415"]
[BlackElo "2329"]
[WhiteFideId "14205483"]
[BlackFideId "12503029"]
[EventDate "2016.09.18"]

1. e4 c5 2. Nc3 Nc6 3. g3 g6 4. Bg2 Bg7 5. d3 e6 6. Be3 Nd4 7. Nh3 Ne7 8. O-O
O-O 9. Qd2 f5 10. Bh6 fxe4 11. Bxg7 Kxg7 12. dxe4 b6 13. f4 Ba6 14. Rf2 Qc7 15.
Re1 Rae8 16. e5 Bb7 17. Bxb7 Qxb7 18. Ne4 Rd8 19. c3 Nb5 20. g4 Nc7 21. Nd6 Qc6
22. Ng5 Nc8 23. f5 exf5 24. gxf5 gxf5 25. Rg2 1-0

[Event "Baku Open 2016"]
[Site "Baku AZE"]
[Date "2016.09.23"]
[Round "6.15"]
[White "Gadimbayli, Abdulla"]
[Black "Naghdiyev, Niyazi"]
[Result "1/2-1/2"]
[WhiteTitle "FM"]
[BlackTitle "FM"]
[WhiteElo "2294"]
[BlackElo "2366"]
[WhiteFideId "13404938"]
[BlackFideId "13405519"]
[EventDate "2016.09.18"]

1. e4 c6 2. Nf3 d5 3. exd5 cxd5 4. Ne5 Nc6 5. d4 e6 6. Bb5 Bd7 7. Nxd7 Qxd7 8.
c3 Bd6 9. O-O Nf6 10. Nd2 Qc7 11. g3 O-O 12. Re1 Rae8 13. f4 Qb6 14. Qb3 Re7 15.
Bd3 Qxb3 16. axb3 a5 17. Nf3 Nd7 18. Ne5 Ndxe5 19. fxe5 Bc7 20. Bf4 Bb6 21. Kg2
Rc7 22. h4 Rcc8 23. Re2 Rfe8 24. h5 Bd8 25. Rf1 Na7 26. Ref2 Rf8 27. Bd2 Be7 28.
c4 Nc6 29. cxd5 exd5 30. Be3 f6 31. Bf5 Rcd8 32. Be6+ Kh8 33. h6 fxe5 34. Rf7
Bf6 35. hxg7+ Bxg7 36. Rxf8+ Rxf8 37. Rxf8+ Bxf8 38. Bxd5 exd4 39. Bxc6 dxe3 40.
Bxb7 Kg7 41. Kf3 Bc5 42. g4 Kf6 43. Bc6 h6 44. Bd7 Ke5 45. Bc8 Kd4 46. Ba6 Bb4
47. Ke2 Ke4 48. Bb7+ Kf4 49. Bc8 Bd2 50. Bd7 Bc1 51. b4 a4 52. Bxa4 Kxg4 53. b5
Kf4 54. b3 Ba3 55. b6 h5 56. b7 Bd6 57. Bd7 h4 58. Bc8 Bb8 59. Bd7 Ke4 60. Bh3 1/2-1/2

[Event "Baku Open 2016"]
[Site "Baku AZE"]
[Date "2016.09.23"]
[Round "6.16"]
[White "Vokhidov, Shamsiddin"]
[Black "Karayev, Kanan"]
[Result "1/2-1/2"]
[WhiteTitle "IM"]
[BlackTitle "CM"]
[WhiteElo "2364"]
[BlackElo "2266"]
[WhiteFideId "14204223"]
[BlackFideId "13406671"]
[EventDate "2016.09.18"]

1. e4 c5 2. Nf3 d6 3. Bb5+ Bd7 4. Bxd7+ Qxd7 5. c4 g6 6. d4 cxd4 7. Nxd4 Bg7 8.
Nc3 Nf6 9. h3 O-O 10. O-O Rc8 11. b3 d5 12. exd5 Nxd5 13. Nxd5 e6 14. Bh6 exd5
15. Bxg7 Kxg7 16. cxd5 Qxd5 17. Nf3 Qf5 18. Qd4+ Qf6 19. Qb4 Rc7 20. Qa5 Na6 21.
Rad1 Rac8 22. Rfe1 Rc2 23. Rd2 R8c5 24. Qa4 Rxd2 25. Nxd2 Qc3 26. Nf3 Ra5 27.
Qe4 Rxa2 28. Qxb7 Nc5 29. Qc7 Rxf2 30. Re7 Rxf3 31. gxf3 Qc1+ 32. Kg2 Qd2+ 33.
Kf1 1/2-1/2

[Event "Baku Open 2016"]
[Site "Baku AZE"]
[Date "2016.09.23"]
[Round "6.17"]
[White "Khalafova, Narmin"]
[Black "Sadikhov, Ulvi"]
[Result "1/2-1/2"]
[WhiteTitle "WIM"]
[BlackTitle "IM"]
[WhiteElo "2219"]
[BlackElo "2409"]
[WhiteFideId "13402625"]
[BlackFideId "13401416"]
[EventDate "2016.09.18"]

1. e4 c5 2. Nf3 Nc6 3. Bb5 d6 4. O-O Bd7 5. Re1 Nf6 6. c3 a6 7. Bc4 Bg4 8. d4 e6
9. d5 Ne5 10. Be2 Bxf3 11. Bxf3 exd5 12. exd5 Be7 13. Be2 O-O 14. f4 Ned7 15. c4
Ne8 16. Be3 Nc7 17. Nc3 Rb8 18. a4 Bh4 19. g3 Re8 20. Bd3 Bf6 21. Kg2 Bxc3 22.
bxc3 Nf6 23. a5 b5 24. axb6 Rxb6 25. Rb1 Rxb1 26. Qxb1 Qa8 27. Kg1 Rb8 28. Qd1
h5 29. f5 Ng4 30. Bf4 Ne8 31. Be2 Ne5 32. Bxe5 dxe5 33. Bxh5 Nf6 34. Rxe5 Re8
35. Rxe8+ Qxe8 36. Bf3 a5 37. Kg2 Qd7 38. g4 Ne8 39. Qa1 Qc7 40. Qa4 Nd6 41. Bd1
Kf8 42. Qa2 Ne4 43. Qe2 Qf4 44. Ba4 Qd2 45. Qxd2 Nxd2 46. Bb5 f6 47. h4 Ke7 48.
Kf2 Ne4+ 49. Ke3 Nd6 50. Kd3 Nc8 51. Kc2 Nd6 52. Kd3 Kd8 53. Ba4 Ke7 54. Bb3 Nc8
55. Ke4 Nb6 56. g5 a4 57. Ba2 Nc8 58. g6 Nd6+ 59. Kf4 a3 60. Bb3 Kf8 61. Ba2 Ke7 1/2-1/2

[Event "Baku Open 2016"]
[Site "Baku AZE"]
[Date "2016.09.23"]
[Round "6.18"]
[White "Guliev, Logman"]
[Black "Miroshnichenko, Pavel"]
[Result "1/2-1/2"]
[WhiteTitle "IM"]
[WhiteElo "2390"]
[BlackElo "2281"]
[WhiteFideId "13400061"]
[BlackFideId "4188659"]
[EventDate "2016.09.18"]

1. e4 e5 2. Nf3 Nc6 3. Bb5 a6 4. Ba4 Nf6 5. O-O Be7 6. Re1 b5 7. Bb3 d6 8. c3
O-O 9. h3 Bb7 10. d4 Re8 11. Nbd2 Bf8 12. a3 h6 13. Bc2 g6 14. b4 Bg7 15. Bb2
Nh5 16. d5 Ne7 17. c4 c6 18. dxc6 Bxc6 19. Nb3 Qc7 20. Na5 bxc4 21. Nxc4 Rad8
22. Na5 Bb5 23. a4 Bd7 24. Bd3 d5 25. exd5 Nxd5 26. Bxg6 Nhf4 27. Rc1 Qb8 28.
Be4 Nxb4 29. Nb7 Be6 30. Nxd8 Rxd8 31. Nd2 Nbd3 32. Bc3 Nxc1 33. Qxc1 f5 34. Bb1
Qb7 35. Nf3 Nxh3+ 36. gxh3 Qxf3 37. Qe3 Qxe3 38. Rxe3 f4 39. Re1 Kf7 40. Kg2 Rd5
41. Bb2 Bf6 42. Rc1 Bh4 43. Rc7+ Be7 44. Be4 f3+ 45. Kxf3 Rd7 46. Rc6 Rd6 47.
Rc7 Bxh3 48. Bxe5 Rb6 49. a5 Rb3+ 50. Kf4 Kf8 51. f3 Rb5 52. Bg7+ Kxg7 53. Rxe7+
Kf8 54. Re5 Bf1 55. Rxb5 Bxb5 56. Ke5 Ke7 57. f4 h5 58. f5 Bc4 59. Bf3 h4 60.
Bg2 Kf7 61. Bh3 Ke7 62. Bg4 Bf1 63. f6+ Kf8 64. Be6 h3 65. Kf4 h2 66. Bd5 Bc4
67. Bb7 Kf7 68. Kg3 1/2-1/2

[Event "Baku Open 2016"]
[Site "Baku AZE"]
[Date "2016.09.23"]
[Round "6.19"]
[White "Bagheri, Maziar"]
[Black "Mamedjarova, Turkan"]
[Result "1/2-1/2"]
[BlackTitle "WGM"]
[WhiteElo "2361"]
[BlackElo "2304"]
[WhiteFideId "12530913"]
[BlackFideId "13402005"]
[EventDate "2016.09.18"]

1. Nf3 d5 2. d4 Nf6 3. c4 e6 4. Nc3 Bb4 5. cxd5 exd5 6. Bg5 Nbd7 7. a3 Bxc3+ 8.
bxc3 O-O 9. e3 c5 10. Qa4 c4 11. Be2 h6 12. Bh4 Qb6 13. Qc2 Qe6 14. Nd2 Nb6 15.
O-O Bd7 16. Rfe1 Ba4 17. Qb1 Bc6 18. Bd1 Ne4 19. Nxe4 dxe4 20. Qa2 Rac8 21. a4
f5 22. Bg3 Be8 23. a5 Nd5 24. Qa3 f4 25. exf4 Nxf4 26. Bxf4 Rxf4 27. Re3 Bc6 28.
Ra2 Rcf8 29. Rae2 Qf5 30. Qa2 Bd5 31. Qc2 Kh8 32. g3 Qg5 33. Qd2 Rh4 34. Qe1
Rhf4 35. Qd2 Rh4 36. Kh1 Rh3 37. Qe1 Qh5 38. Qg1 Be6 39. Ra2 Rxh2+ 40. Qxh2
Qxd1+ 41. Qg1 Qh5+ 42. Qh2 Qb5 43. Ra1 Qb2 44. Rf1 Bg4 45. Kg1 Bf3 46. Qh4 Qa3
47. d5 Qxa5 48. Rxf3 exf3 49. Qxc4 Qd8 50. Rd1 Qd7 51. Kh2 Qd6 52. Qe4 Qc5 53.
Kg1 Qc8 54. Rd3 Qf5 55. Qxf5 Rxf5 56. g4 Rf7 57. Kh2 b5 58. Kg3 Kg8 59. d6 Rd7
60. Kf4 Kf8 61. Ke5 Ke8 62. Rxf3 a5 63. Kd5 a4 64. c4 bxc4 65. Rc3 Rf7 66. Rxc4
Rxf2 67. Ke6 Kd8 68. Rxa4 Re2+ 69. Kd5 Rd2+ 70. Ke6 Re2+ 71. Kf7 Rg2 72. Ke6
Re2+ 73. Kf5 Rf2+ 74. Kg6 Rg2 75. Kh7 Kd7 76. Ra7+ Kxd6 77. Rxg7 Rh2 78. Rg6+
Ke5 79. Rxh6 Rg2 1/2-1/2

[Event "Baku Open 2016"]
[Site "Baku AZE"]
[Date "2016.09.23"]
[Round "6.20"]
[White "Fataliyeva, Ulviyya"]
[Black "Bashirli, Nail"]
[Result "0-1"]
[WhiteTitle "WIM"]
[BlackTitle "FM"]
[WhiteElo "2234"]
[BlackElo "2387"]
[WhiteFideId "13403052"]
[BlackFideId "13406809"]
[EventDate "2016.09.18"]

1. e4 Nf6 2. e5 Nd5 3. d4 d6 4. c4 Nb6 5. exd6 cxd6 6. Nc3 g6 7. Be3 Bg7 8. Be2
O-O 9. Nf3 d5 10. c5 Nc4 11. Bc1 Nc6 12. O-O Bg4 13. b3 Bxf3 14. Bxf3 N4a5 15.
Rb1 e6 16. Ne2 Ne7 17. g4 Nac6 18. Bg2 e5 19. dxe5 Nxe5 20. Nd4 Qc8 21. Bg5 Qxc5
22. Rc1 Qb4 23. Nc2 Qd6 24. Bxe7 Qxe7 25. Qxd5 Nxg4 26. h3 Nh6 27. Qxb7 Qg5 28.
Qd5 Qf4 29. Qe4 Qg5 30. Qd5 Be5 31. Rce1 Rae8 32. Re3 Bf4 33. Qxg5 Bxg5 34. f4
Bd8 35. Rxe8 Rxe8 36. Re1 Bb6+ 37. Kf1 Rd8 38. Be4 Bc7 39. Ne3 Bxf4 40. Nd5 Bd6
41. Rc1 Kg7 42. Rc6 Be5 43. Ke2 Rd7 44. b4 Nf5 45. Bxf5 Rxd5 46. Bd3 Bd4 47. Bc4
Re5+ 48. Kf3 Re3+ 49. Kg2 f5 50. Rc7+ Kh6 51. Rd7 Bb6 52. h4 f4 53. Bg8 Kh5 54.
Rxh7+ Kg4 55. Rg7 Rg3+ 56. Kf1 Rg1+ 57. Ke2 f3+ 58. Kd2 f2 59. Bc4 Kxh4 60. a4
Re1 61. Be2 Be3+ 62. Kd3 g5 63. Rf7 Bf4 64. Rxa7 Kg3 65. Rd7 Kg2 0-1

[Event "Baku Open 2016"]
[Site "Baku AZE"]
[Date "2016.09.23"]
[Round "6.21"]
[White "Aghayev, Nijat"]
[Black "Mammadova, Narmin"]
[Result "1/2-1/2"]
[WhiteTitle "IM"]
[BlackTitle "WIM"]
[WhiteElo "2342"]
[BlackElo "2230"]
[WhiteFideId "13402048"]
[BlackFideId "13403710"]
[EventDate "2016.09.18"]

1. c4 c6 2. b3 d5 3. Bb2 Nf6 4. Nf3 Bf5 5. g3 e6 6. Bg2 Be7 7. O-O O-O 8. d3 h6
9. Nbd2 Nbd7 10. Rc1 Re8 11. Re1 Bh7 12. Qc2 Bf8 13. e4 dxe4 14. Nxe4 Nxe4 15.
dxe4 Nc5 16. b4 Nd7 17. c5 a5 18. a3 axb4 19. axb4 Qc7 20. Re3 Ra2 21. Bf1 b6
22. Qb3 Raa8 23. cxb6 Qxb6 24. Rc4 Reb8 25. Qd1 Rb7 26. Rd3 Nf6 27. Bxf6 gxf6
28. Qc1 Ra2 29. Rd2 Rxd2 30. Qxd2 Rb8 31. e5 f5 32. Qc1 Rd8 33. Bg2 Rd5 34. h4
c5 35. bxc5 Rxc5 36. Rxc5 Qxc5 37. Qxc5 Bxc5 38. h5 f6 39. exf6 Bd6 40. Nd2 Kf7
41. Nc4 Bc7 42. f4 Kxf6 43. Bf3 Bg8 44. Kg2 Bf7 45. Kh3 Be8 46. Ne3 Bb5 47. Ng2
Bc4 48. Ne3 Bd3 49. Kg2 Bb6 50. Nd1 Bd4 51. Nf2 Bc4 52. Nh3 Bb5 53. g4 fxg4 54.
Bxg4 Bd3 55. Nf2 Bf5 56. Bf3 e5 1/2-1/2